[Event "Bundesliga 8788"]
[Site "Germany"]
[Date "1988.??.??"]
[Round "?"]
[White "Brueckner, Thomas"]
[Black "Ramos, Domingo"]
[Result "1/2-1/2"]
[WhiteElo "2405"]
[BlackElo "2315"]

1.c4 Nf6 2.Nc3 c6 3.d4 d5 4.e3 e6 5.Nf3 Nbd7 6.Qc2 Be7 7.Be2 O-O 8.O-O dxc4
9.Bxc4 Qc7 10.e4 e5 11.h3 exd4 12.Nxd4 Ne5 13.Be2 Ng6 14.Re1 a6 15.Be3 c5
16.Nf3 Be6 17.Ng5 Bd7 18.Bc4 Ne5 19.Nd5 Nxd5 20.exd5 Bxg5 21.Bxg5 Rfe8 22.Be3 Rac8
23.Rad1 Qd6 24.a3 g6 25.Qc3 b5 26.Bb3 f6 27.Bf4 Re7 28.Bg3 Rce8 29.f4 Nc4
30.Rxe7 Qxe7 31.Bxc4 bxc4 32.Re1 Qd6 33.Qxc4 Bb5 34.Rxe8+ Bxe8 35.Bf2 Bf7
36.Bxc5 Qxd5 37.Qxd5 Bxd5 38.Kf2 Kf7 39.g3 Ke6 40.Ke3 Bg2 41.h4 Kd5 42.Bd4 f5
43.Kd3 Bf1+ 44.Ke3 Kc4 45.Bc3  1/2-1/2

[Event "Hessen-ch"]
[Site "Germany"]
[Date "1988.??.??"]
[Round "1"]
[White "Neidhardt, Claus Ulrich"]
[Black "Schroeder, Christoph"]
[Result "1/2-1/2"]
[WhiteElo "2280"]
[BlackElo "2260"]

1.d4 d5 2.Nf3 Nf6 3.c4 c6 4.Nc3 e6 5.e3 Nbd7 6.Bd3 dxc4 7.Bxc4 b5 8.Bd3 a6
9.e4 c5 10.e5 cxd4 11.Nxb5 Nxe5 12.Nxe5 axb5 13.O-O Qd5 14.Qe2 Rb8 15.Bg5 Bd6
16.f4 Bxe5 17.fxe5 Nd7 18.Rae1 Nc5 19.Rxf7 Kxf7 20.Qh5+ g6 21.Bxg6+ hxg6
22.Rf1+ Ke8 23.Qxh8+ Kd7 24.b4 Nd3 25.Rd1 Qxg2+ 26.Kxg2 Bb7+ 27.Kg3 Rxh8
28.Rxd3 Ra8 29.Rxd4+ Bd5 30.Bf4 Rxa2 31.Kh4  1/2-1/2

[Event "Groningen op"]
[Site "Groningen"]
[Date "1988.??.??"]
[Round "?"]
[White "Andruet, Gilles"]
[Black "Serrer, Christoph"]
[Result "0-1"]
[WhiteElo "2430"]
[BlackElo "2270"]

1.d4 d5 2.c4 c6 3.Nc3 e6 4.e3 Nf6 5.Nf3 Nbd7 6.Bd3 Bd6 7.O-O O-O 8.b3 dxc4
9.Bxc4 e5 10.Bb2 exd4 11.Qxd4 Qe7 12.Ne4 Bxh2+ 13.Kxh2 Qxe4 14.Qc3 Qg6 15.Rh1 Ne4
16.Qc2 Nec5 17.Qxg6 hxg6 18.Kg1 b5 19.Be2 Ne6 20.Rd1 Rd8 21.Nd4 Nxd4 22.Rxd4 Bb7
23.Rh3 Nf8 24.Rdh4 f6 25.Bc3 Kf7 26.f4 a6 27.e4 c5 28.e5 f5 29.Ba5 Rd4 30.Rc3 Ne6
31.g3 Rd2 32.Rd3 Rxe2 33.Rd7+ Kg8 34.Rxb7 Rxa2 35.Bb6 Rc8 36.Rh2 Ra1+ 37.Kg2 Rb1
38.Kh3 Rxb3 39.Ra2 Nxf4+ 40.Kh4 Ne6 41.Rxa6 g5+ 42.Kh5 Kh7  0-1

[Event "Groningen"]
[Site "Groningen"]
[Date "1988.??.??"]
[Round "?"]
[White "Ftacnik, Lubomir"]
[Black "Piket, Jeroen"]
[Result "1/2-1/2"]
[WhiteElo "2590"]
[BlackElo "2495"]

1.d4 Nf6 2.Nf3 d5 3.c4 c6 4.Nc3 e6 5.e3 Nbd7 6.Qc2 Bd6 7.Be2 O-O 8.O-O dxc4
9.Bxc4 b5 10.Be2 Bb7 11.Rd1 Qc7 12.Bd2 a6 13.b4 a5 14.Rac1 Rfc8 15.Qb3 Bxb4
16.Nxb5 Qb8 17.Nc3 c5 18.a3 cxd4 19.axb4 dxc3 20.Rxc3  1/2-1/2

[Event "Groningen op"]
[Site "Groningen"]
[Date "1988.??.??"]
[Round "?"]
[White "Bewersdorff, Oliver"]
[Black "Van de Oudeweetering, Arthur"]
[Result "0-1"]
[WhiteElo "2335"]
[BlackElo "2310"]

1.d4 d5 2.Nf3 Nf6 3.c4 c6 4.Nc3 e6 5.e3 Nbd7 6.Bd3 dxc4 7.Bxc4 b5 8.Bd3 a6
9.e4 c5 10.e5 cxd4 11.Nxb5 Ng4 12.Qa4 Bb7 13.Nbxd4 Qb6 14.O-O Bc5 15.Be3 Nxe3
16.fxe3 h6 17.Nd2 O-O 18.Nc4 Qc7 19.b4 Ba7 20.Qa5 Qxa5 21.Nxa5 Nxe5 22.Be2 Bd5
23.Rfc1 Bb6 24.Nab3 Rfc8 25.Rxc8+ Rxc8 26.Bxa6 Rc3 27.Nc5 Bxc5 28.bxc5 Rxc5
29.a4 Ng4 30.Be2 Nxe3 31.Bf3 e5 32.Bxd5 exd4 33.Bf3 Ra5 34.Kf2 f5 35.Ke2 Kf7
36.Kd3 Kf6 37.Ra2 Ke5 38.h4 g5 39.hxg5 hxg5 40.Bb7 f4 41.Bc6 Rc5 42.Bb7 Rc3+
43.Ke2 d3+ 44.Ke1 Kd4 45.Kd2 Nc4+ 46.Kd1 Rb3  0-1

[Event "Haninge"]
[Site "Haninge"]
[Date "1988.??.??"]
[Round "?"]
[White "Polugaevsky, Lev"]
[Black "Pinter, Jozsef"]
[Result "1-0"]
[WhiteElo "2575"]
[BlackElo "2570"]

1.d4 Nf6 2.c4 e6 3.Nf3 d5 4.Nc3 c6 5.e3 Nbd7 6.Qc2 Bd6 7.Be2 O-O 8.O-O dxc4
9.Bxc4 a6 10.Bd2 c5 11.Bd3 Qc7 12.Rac1 cxd4 13.exd4 h6 14.Rfe1 b6 15.Qd1 Bb7
16.Ne4 Qb8 17.Nxf6+ Nxf6 18.Ne5 Qd8 19.Bb1 Bxe5 20.dxe5 Qd5 21.f3 Rfd8 22.Bb4 Qxd1
23.Rexd1 Rxd1+ 24.Rxd1 Nd5 25.Bd2 Rd8 26.Rc1 Kf8 27.Kf2 Ke8 28.h4 Kd7 29.h5 Bc6
30.Rc4 f5 31.exf6 Nxf6 32.g4 Bd5 33.Rc1 a5 34.Be3 Rf8 35.Ke2 Kd6 36.Bf2 Nd7
37.Bg3+ Ke7 38.Bh4+ Kd6 39.Bg3+ Ke7 40.Rc3 b5 41.a3 b4 42.axb4 axb4 43.Re3 Bc4+
44.Bd3 Bd5 45.Bb5 Rc8 46.Kd1 Rc5 47.Bd3 Rc8 48.Be1 Rb8 49.Bh4+ Nf6 50.Ke2 Rc8
51.Be1 Rb8 52.Kf2 Rb7 53.Kg3 Nd7 54.f4 Nc5 55.Bg6 Na4 56.Re2 Kd6 57.Bf2  1-0

[Event "Havana"]
[Site "Havana"]
[Date "1988.??.??"]
[Round "?"]
[White "Vilela, Jose Luis"]
[Black "Lugo, Blas"]
[Result "0-1"]
[WhiteElo "2400"]
[BlackElo "2355"]

1.d4 d5 2.c4 c6 3.Nf3 e6 4.Nc3 Nf6 5.e3 Nbd7 6.Qc2 Bd6 7.Be2 O-O 8.O-O Qe7
9.e4 Nxe4 10.Nxe4 dxe4 11.Qxe4 e5 12.Bg5 Qe6 13.c5 Bc7 14.Bd3 Qg6 15.Qe3 exd4
16.Qxd4 Qh5 17.h4 f6 18.g4 Ne5 19.Nxe5 fxe5 20.Qc4+ Qf7 21.Be7 Be6 22.Qe4 g6
23.Bxf8 Rxf8 24.Rac1 Rd8 25.f3 Rd4 26.Qe3 Bxg4 27.Qxd4 exd4 28.fxg4 Qe7 29.Bc4+ Kh8
30.Rce1 Qxh4 31.Re8+ Kg7 32.Rf7+ Kh6 33.Ree7 Qxg4+ 34.Kf1 Qd1+ 35.Kf2 Qc2+
36.Kf3 Qxc4  0-1

[Event "NLD-ch"]
[Site "Hilversum"]
[Date "1988.??.??"]
[Round "?"]
[White "Pieterse, Gert"]
[Black "Kuijf, Marinus"]
[Result "0-1"]
[WhiteElo "2400"]
[BlackElo "2420"]

1.d4 d5 2.c4 c6 3.Nc3 Nf6 4.e3 e6 5.Nf3 Nbd7 6.Bd3 dxc4 7.Bxc4 b5 8.Bd3 a6
9.e4 c5 10.e5 cxd4 11.Nxb5 Ng4 12.Nbxd4 Bb4+ 13.Bd2 Bxd2+ 14.Qxd2 Bb7 15.Bc2 O-O
16.Qf4 Qa5+ 17.b4 Qxb4+ 18.Kf1 Qc4+ 19.Kg1 Bxf3 20.gxf3 Ngxe5 21.Rd1 Ng6
22.Qg3 Nf6 23.Bb3 Qc5 24.Ne2 a5 25.Rc1 Qh5 26.Nf4 Nxf4 27.Qxf4 a4 28.Bc4 Ra5
29.Rc3 Rc5 30.Qd4 Rfc8 31.f4 Qg4+ 32.Kf1 e5  0-1

[Event "NLD-ch"]
[Site "Hilversum"]
[Date "1988.??.??"]
[Round "?"]
[White "Douven, Rudy C"]
[Black "Kuijf, Marinus"]
[Result "1/2-1/2"]
[WhiteElo "2410"]
[BlackElo "2420"]

1.d4 d5 2.c4 c6 3.Nc3 Nf6 4.Nf3 e6 5.e3 Nbd7 6.Bd3 dxc4 7.Bxc4 b5 8.Bd3 a6
9.e4 c5 10.e5 cxd4 11.Nxb5 axb5 12.exf6 Qb6 13.fxg7 Bxg7 14.O-O Bb7 15.Re1 O-O
16.Bf4 Bd5 17.Ne5 Nxe5 18.Bxe5 f5 19.Bxg7 Kxg7 20.Qd2 Rxa2 21.Rxa2 Bxa2 22.Qg5+ Kh8
23.Qh6 Rf7 24.Re5 Qc7 25.Rxb5 Bd5 26.b4 Rg7 27.g3 Qe5 28.Rc5 Rg8 29.b5 Ra8
30.b6 Qe1+ 31.Bf1 Qe4 32.Qf6+ Kg8 33.Qg5+  1/2-1/2

[Event "NLD-ch"]
[Site "Hilversum"]
[Date "1988.??.??"]
[Round "?"]
[White "Douven, Rudy C"]
[Black "Brenninkmeijer, Joris"]
[Result "1-0"]
[WhiteElo "2410"]
[BlackElo "2385"]

1.d4 d5 2.c4 c6 3.Nc3 Nf6 4.e3 e6 5.Nf3 Nbd7 6.Bd3 dxc4 7.Bxc4 b5 8.Bd3 a6
9.e4 c5 10.e5 cxd4 11.Nxb5 axb5 12.exf6 Qb6 13.fxg7 Bxg7 14.O-O Bb7 15.Re1 O-O
16.Bf4 Bd5 17.Ne5 Nxe5 18.Bxe5 f5 19.Bxg7 Kxg7 20.b3 Ra7 21.Bxb5 Kg8 22.Bc4 Bxc4
23.bxc4 Qd6 24.Qb3 Rb8 25.c5 Rxb3 26.cxd6 Rb2 27.Rxe6 Raxa2 28.Rd1 Rd2 29.Rf1 Ra7
30.g3 Rd7 31.Rfe1 d3 32.Re8+ Kf7 33.R8e7+ Rxe7 34.Rxe7+ Kf6 35.Re3  1-0

[Event "NLD-ch"]
[Site "Hilversum"]
[Date "1988.??.??"]
[Round "?"]
[White "Brenninkmeijer, Joris"]
[Black "Kuijf, Marinus"]
[Result "1-0"]
[WhiteElo "2385"]
[BlackElo "2420"]

1.d4 d5 2.c4 c6 3.Nf3 Nf6 4.Nc3 e6 5.e3 Nbd7 6.Bd3 Bb4 7.O-O O-O 8.a3 Ba5
9.Qc2 Re8 10.Bd2 dxc4 11.Bxc4 Bc7 12.h3 h6 13.e4 e5 14.Be3 exd4 15.Bxd4 Nb6
16.Ba2 Be6 17.Rad1 Nbd7 18.Bb1 Qb8 19.Na4 Nh7 20.Be3 Nhf8 21.Nd4 Bf4 22.Nxe6 Rxe6
23.Bd4 Ne5 24.Qc3 Rg6 25.Nc5 Rg5 26.Kh1 Neg6 27.Nd3 Ne6 28.Ba2 Qc8 29.Be3 Bxe3
30.fxe3 Qc7 31.Bxe6 fxe6 32.Nf4 Nf8 33.Qc4 Re8 34.Rd2 Kh7 35.Rfd1 e5 36.Ne2 Rg6
37.Ng1 Qb6 38.Qf7 Rge6 39.Rd7 Nxd7 40.Rxd7 Rg6 41.Qxe8 Qxb2 42.g4 Qxa3 43.Rd8 Rf6
44.Qh8+ Kg6 45.Qe8+ Kh7 46.h4 Rf1 47.h5 Rxg1+ 48.Kh2  1-0

[Event "Kecskemet"]
[Site "Kecskemet"]
[Date "1988.??.??"]
[Round "?"]
[White "Groszpeter, Attila"]
[Black "Lukacs, Peter"]
[Result "1/2-1/2"]
[WhiteElo "2510"]
[BlackElo "2465"]

1.d4 d5 2.c4 e6 3.Nc3 c6 4.e3 Nf6 5.Nf3 Nbd7 6.Qc2 Bd6 7.Be2 O-O 8.O-O dxc4
9.Bxc4 a6 10.Be2 e5 11.Rd1 Qc7 12.h3 h6 13.b3 Re8 14.Bb2 exd4 15.Nxd4 Ne5
16.Nf5 Bxf5 17.Qxf5 Ng6 18.Rd2 Qe7 19.Rad1 Be5 20.Qc2 Rac8 21.Bd3 Nh4 22.Ne2 Bxb2
23.Qxb2 Rcd8 24.Bb1 Rxd2 25.Qxd2 Qe5 26.Qd6 Qh5 27.Ng3 Qg5 28.Qf4 Qxf4 29.exf4 Nd5
30.Be4 Nxf4 31.Rd7 Ne2+ 32.Nxe2 Rxe4 33.Kf1 Rb4 34.Rd8+ Kh7 35.Rd7 Kg6 36.Nd4 c5
37.Nc2 Rb5 38.Ne3 Kf6 39.Nc4 Nf5 40.g4 Ke6  1/2-1/2

[Event "Kecskemet"]
[Site "Kecskemet"]
[Date "1988.??.??"]
[Round "?"]
[White "Groszpeter, Attila"]
[Black "Karolyi, Tibor Jr"]
[Result "1/2-1/2"]
[WhiteElo "2510"]
[BlackElo "2450"]

1.d4 d5 2.c4 c6 3.Nc3 Nf6 4.e3 e6 5.Nf3 Nbd7 6.Qc2 Bd6 7.Be2 O-O 8.O-O dxc4
9.Bxc4 Qe7 10.h3 a6 11.a4 c5 12.dxc5 Nxc5 13.b4 Ncd7 14.b5 Rd8 15.Rd1 Nb6
16.Bb3 Bb4 17.Bb2 Rxd1+ 18.Rxd1 h6 19.Ne4 Nfd5 20.Ng3 Bd7 21.Nh5 Rc8 22.Qd3 Bc3
23.Bxd5 Nxd5 24.Bxc3 Rxc3 25.Qd4 f5 26.Nf4 Rc5 27.Ng6 Qd6 28.Nfe5 axb5 29.Nxd7 Rc4
30.Qd3 Qxd7 31.Ne5 Qc8 32.Nxc4 bxc4 33.Qa3 Qc6 34.Rc1 c3 35.a5 Qb5 36.e4 fxe4  1/2-1/2

[Event "Kecskemet"]
[Site "Kecskemet"]
[Date "1988.??.??"]
[Round "?"]
[White "Videki, Sandor"]
[Black "Lukacs, Peter"]
[Result "0-1"]
[WhiteElo "2445"]
[BlackElo "2465"]

1.d4 d5 2.c4 e6 3.Nc3 c6 4.e3 Nf6 5.Nf3 Nbd7 6.Bd3 dxc4 7.Bxc4 b5 8.Bd3 Bb7
9.O-O a6 10.e4 c5 11.e5 cxd4 12.Nxb5 Bxf3 13.Qxf3 Nd5 14.Nxd4 Nxe5 15.Qe2 Nxd3
16.Qxd3 Bc5 17.Nb3 Bb6 18.Bd2 O-O 19.Qf3 Qd7 20.Rfc1 Qa4 21.g3 Rac8 22.Bc3 Rc6
23.Nd2 Nxc3 24.Rxc3 Rxc3 25.Qxc3 Bd4 26.Qc1 h6 27.b3 Qa5 28.Rb1 Qxa2 29.b4 Rd8  0-1

[Event "URS-FL56"]
[Site "Klaipeda"]
[Date "1988.??.??"]
[Round "?"]
[White "Aseev, Konstantin N"]
[Black "Dokhoian, Yury"]
[Result "1-0"]
[WhiteElo "2445"]
[BlackElo "2520"]

1.d4 Nf6 2.c4 e6 3.Nf3 d5 4.Nc3 c6 5.e3 Nbd7 6.Bd3 dxc4 7.Bxc4 b5 8.Bd3 Bb7
9.e4 b4 10.Na4 c5 11.e5 Nd5 12.Nxc5 Bxc5 13.dxc5 Qa5 14.O-O Nxc5 15.Bc2 Ba6
16.Re1 Rd8 17.Bg5 Rd7 18.Qd4 Nb6 19.Qg4 h5 20.Qh4 Bd3 21.Bxd3 Nxd3 22.Re2 Qb5
23.b3 Nc1 24.Rd2 Ne2+ 25.Kh1 Rxd2 26.Bxd2 Nd5 27.a3 bxa3 28.Rxa3 O-O 29.h3 Nec3
30.Qc4 Qb8 31.Ra1 Rc8 32.Qh4 g6 33.Kh2 Qxb3 34.Rxa7 Qb8 35.Rd7 Ne2 36.Rxd5 exd5
37.Qf6 Nd4 38.Nxd4 Re8 39.Nc6  1-0

[Event "URS-FL56"]
[Site "Klaipeda"]
[Date "1988.??.??"]
[Round "?"]
[White "Gelfand, Boris"]
[Black "Shirov, Alexei"]
[Result "1/2-1/2"]
[WhiteElo "2585"]
[BlackElo "2380"]

1.d4 d5 2.c4 c6 3.Nf3 Nf6 4.Nc3 e6 5.e3 Nbd7 6.Bd3 dxc4 7.Bxc4 b5 8.Bd3 Bb7
9.a3 b4 10.axb4 Bxb4 11.O-O c5 12.Na2 a5 13.Nxb4 axb4 14.Rxa8 Qxa8 15.Be2 O-O
16.dxc5 Nxc5 17.Qd4 Ba6 18.Bxa6 Nxa6 19.Bd2 Rd8 20.Qc4 Ne4 21.Bxb4  1/2-1/2

[Event "RLPF-ch"]
[Site "Landau"]
[Date "1988.??.??"]
[Round "4"]
[White "Roos, Thomas"]
[Black "Feibert, Fred"]
[Result "1-0"]
[WhiteElo "2235"]
[BlackElo "2225"]

1.d4 d5 2.c4 e6 3.Nf3 c6 4.e3 Nf6 5.Nc3 Nbd7 6.Bd3 Be7 7.b3 O-O 8.O-O b6
9.Bb2 Bb7 10.Qe2 Re8 11.Rfd1 Rc8 12.Rac1 Qc7 13.Ne5 Nxe5 14.dxe5 dxc4 15.exf6 cxd3
16.Qg4 Bxf6 17.Nb5 h5 18.Qxh5 Qd8 19.Bxf6 gxf6 20.Nxa7 Ra8 21.Nxc6 Bxc6 22.Rxc6 Rxa2
23.Rc4 Ra5 24.Qh6  1-0

[Event "Liechtenstein op"]
[Site "Liechtenstein"]
[Date "1988.??.??"]
[Round "?"]
[White "Davidovic, Aleksandar"]
[Black "Silva, Marco"]
[Result "1/2-1/2"]
[WhiteElo "2405"]
[BlackElo "2315"]

1.Nf3 Nf6 2.c4 e6 3.Nc3 d5 4.d4 c6 5.e3 Be7 6.Qc2 Nbd7 7.Be2 b6 8.O-O Bb7
9.cxd5 exd5 10.Ne5 O-O 11.f4 Bd6 12.Bd3 Re8 13.Bd2 Nf8 14.Rf3 a6 15.Raf1 c5
16.Be1 cxd4 17.exd4 Ne6 18.Bf2 Rc8 19.Bf5 Ne4 20.Bxh7+ Kxh7 21.Rh3+ Kg8 22.Rh8+ Kxh8
23.Nxf7+ Kg8 24.Nxd8 Rexd8 25.f5 N6g5 26.Bh4 Be7 27.Kh1 Rd7 28.Qe2 Nxc3 29.bxc3 Ne4
30.Qh5 Bxh4 31.Qxh4 Rxc3 32.g4 Bc6 33.g5 Bb5 34.Qh5 Rc8 35.Re1 Rdc7 36.Rxe4 dxe4
37.g6 Bc4 38.d5 Bxd5 39.f6 Bxa2 40.Qh7+ Kf8 41.Qh8+ Bg8 42.f7 Rxf7 43.gxf7 Kxf7
44.Qh5+ Ke7 45.Qe5+ Kd7 46.Qxg7+ Kc6 47.Qg6+ Kc7 48.Qxe4 Rd8 49.Qe5+ Kc6
50.Qc3+ Kb7 51.Qg7+ Ka8 52.h4 Rb8 53.Qg2+ Ka7 54.Qg7+ Ka8  1/2-1/2

[Event "Liechtenstein op"]
[Site "Liechtenstein"]
[Date "1988.??.??"]
[Round "?"]
[White "Lalic, Bogdan"]
[Black "Djukic, Zeljko"]
[Result "1/2-1/2"]
[WhiteElo "2495"]
[BlackElo "2405"]

1.d4 d5 2.c4 c6 3.Nc3 Nf6 4.e3 e6 5.Nf3 Nbd7 6.Qc2 Bd6 7.Be2 O-O 8.O-O dxc4
9.Bxc4 e5 10.h3 exd4 11.exd4 Nb6 12.Bb3 Re8 13.Ng5 Re7 14.Nce4 Nxe4 15.Nxe4 Nd5
16.Bd2 Re8 17.Ng5 g6 18.Bxd5 cxd5 19.Rfe1 Bd7 20.Qb3 Bc6 21.Rxe8+ Qxe8 22.Re1 Qd7
23.Bb4 Bf4 24.Nf3 Re8 25.Rxe8+ Qxe8 26.Qa3 a6 27.Bd6 Bh6 28.Be5 Qe6 29.Qa5 Qe7  1/2-1/2

[Event "Lienz op"]
[Site "Lienz"]
[Date "1988.??.??"]
[Round "?"]
[White "Osterman, Rudolf"]
[Black "Rigo, Janos"]
[Result "1/2-1/2"]
[WhiteElo "2295"]
[BlackElo "2370"]

1.c4 Nf6 2.Nf3 e6 3.Nc3 d5 4.d4 c6 5.e3 Be7 6.Bd3 Nbd7 7.O-O O-O 8.Qe2 dxc4
9.Bxc4 b5 10.Bd3 b4 11.Nb1 c5 12.Nbd2 Bb7 13.Rd1 Qc7 14.Nc4 Ng4 15.h3 Ngf6
16.Bd2 a5 17.Rac1 Ne4 18.Be1 Bd5 19.Nfe5 Nxe5 20.dxe5 f5 21.f3 Ng5 22.Bg3 a4
23.e4 fxe4 24.fxe4 Bxc4 25.Bxc4 Qc6 26.Re1 a3 27.b3 Rad8 28.h4 Nf7 29.Qg4 Kh8
30.Rc2 Rde8 31.Bxe6 Nh6 32.Qh3 Qb6 33.Bc4 Qg6 34.h5 Qg5 35.e6 Ng4 36.Rce2 Rd8
37.Bd5 c4 38.bxc4 h6 39.Kh1 Rc8 40.e5 Qf5 41.Bf3 Rxc4 42.Bxg4 Qxg4 43.Qxg4 Rxg4
44.Bf2 Rg5 45.Rc1 Rxh5+ 46.Kg1 Rhf5 47.Rc7 Re8 48.Bd4 Kg8 49.Rf2 Rxf2 50.Kxf2 Bh4+
51.g3 Bg5 52.Rb7 Rxe6 53.Rxb4 Rc6 54.Kf3 Kf7 55.Ra4 Be7 56.Ke4 Ke6 57.g4 g6
58.Ra8 h5 59.gxh5 gxh5 60.Rh8 h4 61.Rh6+ Kd7 62.Rh7  1/2-1/2

[Event "Haringey"]
[Site "London"]
[Date "1988.??.??"]
[Round "?"]
[White "Kouatly, Bachar"]
[Black "Lukacs, Peter"]
[Result "0-1"]
[WhiteElo "2440"]
[BlackElo "2490"]

1.d4 d5 2.c4 e6 3.Nf3 Nf6 4.Nc3 c6 5.e3 Nbd7 6.Bd3 dxc4 7.Bxc4 b5 8.Bd3 Bb7
9.e4 b4 10.Na4 c5 11.e5 Nd5 12.O-O cxd4 13.Nxd4 Be7 14.Qg4 Nxe5 15.Qxg7 Bf6
16.Bb5+ Ke7 17.Qh6 Rg8 18.Nc5 Rxg2+ 19.Kh1 Qb6 20.Nxb7 Qxb7 21.f3 Rag8 22.Be3 R2g6
23.Qh5 Nxe3 24.Nc6+ Kf8 25.Nxe5 Bxe5 26.Qxe5 Rg1+  0-1

[Event "Haringey"]
[Site "London"]
[Date "1988.??.??"]
[Round "?"]
[White "Hebden, Mark"]
[Black "Lukacs, Peter"]
[Result "1-0"]
[WhiteElo "2460"]
[BlackElo "2490"]

1.d4 Nf6 2.c4 e6 3.Nf3 d5 4.Nc3 c6 5.e3 Nbd7 6.Bd3 dxc4 7.Bxc4 b5 8.Bd3 Bb7
9.e4 b4 10.Na4 c5 11.e5 Nd5 12.O-O cxd4 13.Nxd4 Be7 14.Qh5 g6 15.Qh6 Qa5
16.b3 Nc7 17.Bb2 Nxe5 18.Nb5 Nxd3 19.Nxc7+ Qxc7 20.Bxh8 Qc6 21.f3 Bc5+ 22.Kh1 Nf2+
23.Rxf2 Bxf2 24.Qf4 Rc8 25.h3 a5 26.Be5 Qd5 27.Nb2 Ba6 28.Rd1 Qc5 29.Bd6 Qc3
30.Qg5 f6 31.Qh6  1-0

[Event "POL-ch"]
[Site "Lublin"]
[Date "1988.??.??"]
[Round "11"]
[White "Staniszewski, Piotr"]
[Black "Matlak, Marek"]
[Result "1-0"]
[WhiteElo "2440"]
[BlackElo "2410"]

1.d4 d5 2.c4 e6 3.Nf3 c6 4.Nc3 Nf6 5.e3 Nbd7 6.Bd3 dxc4 7.Bxc4 b5 8.Bd3 Bb7
9.e4 b4 10.Na4 c5 11.e5 Nd5 12.Nxc5 Nxc5 13.dxc5 Bxc5 14.O-O h6 15.Qe2 Qb6
16.a4 a5 17.Bb5+ Kf8 18.Nd2 g6 19.Nc4 Qc7 20.Bd2 Kg7 21.Rac1 Qe7 22.Qd3 Rad8
23.Qg3 Nc7 24.Be3 Nxb5 25.axb5 Rd5 26.Bxc5 Rxc5 27.Nd6 Rxc1 28.Rxc1 Bd5 29.b6 Rd8
30.Rc5 Kh7 31.Rxa5 Rd7 32.Rc5 Qd8 33.Qg4 f6 34.Rc8 Qxb6 35.Ne8  1-0

[Event "Lvov"]
[Site "Lvov"]
[Date "1988.??.??"]
[Round "?"]
[White "Dorfman, Josif D"]
[Black "Novikov, Igor A"]
[Result "1/2-1/2"]
[WhiteElo "2520"]
[BlackElo "2485"]

1.c4 e6 2.Nc3 d5 3.d4 c6 4.Nf3 Nf6 5.e3 Nbd7 6.Bd3 dxc4 7.Bxc4 b5 8.Bd3 Bb7
9.e4 b4 10.Na4 c5 11.e5 Nd5 12.O-O cxd4 13.Re1 g6 14.Bg5 Qa5 15.Nxd4 a6 16.a3 bxa3
17.bxa3 Bg7 18.Rb1 Rb8 19.Bd2 Qd8 20.Rxb7 Rxb7 21.Bxa6 Qa8 22.Bxb7 Qxb7 23.Nc3 O-O
24.Nf3 Ra8 25.Qa1 N5b6 26.Bf4  1/2-1/2

[Event "Lyon"]
[Site "Lyon"]
[Date "1988.??.??"]
[Round "?"]
[White "Ftacnik, Lubomir"]
[Black "Murrey, Jacob"]
[Result "1/2-1/2"]
[WhiteElo "2570"]
[BlackElo "2535"]

1.d4 d5 2.c4 c6 3.Nc3 Nf6 4.e3 e6 5.Nf3 Nbd7 6.Bd3 Bb4 7.O-O O-O 8.a3 Bd6
9.e4 dxe4 10.Nxe4 Nxe4 11.Bxe4 h6 12.Bc2 c5 13.dxc5 Bxc5 14.b4 Be7 15.Bb2 Bf6
16.Qd3 g6 17.Bxf6 Qxf6 18.Qe3 Kg7 19.c5 Re8 20.Rad1 e5 21.Rfe1 a5 22.Ba4 e4
23.Rd6 Re6 24.Rxe6 Qxe6 25.Bxd7 Bxd7 26.Qd4+ Qf6 27.Qxe4 Bc6 28.Qd4 Rd8 29.Qxf6+ Kxf6
30.Ne5 Rd4 31.Nxc6 bxc6 32.f3 axb4 33.axb4 Rxb4 34.Rd1 Rb5 35.Rd6+ Ke7 36.Rxc6 Kd7
37.Rd6+ Ke7 38.Rd5 Ke6  1/2-1/2

[Event "Lyon"]
[Site "Lyon"]
[Date "1988.??.??"]
[Round "?"]
[White "Kouatly, Bachar"]
[Black "Van der Wiel, John TH"]
[Result "1/2-1/2"]
[WhiteElo "2450"]
[BlackElo "2555"]

1.d4 d5 2.c4 c6 3.Nc3 Nf6 4.e3 e6 5.Nf3 Nbd7 6.Bd3 dxc4 7.Bxc4 b5 8.Bd3 a6
9.e4 c5 10.e5 cxd4 11.Nxb5 axb5 12.exf6 Qb6 13.fxg7 Bxg7 14.O-O O-O 15.Re1 Bb7
16.Bf4 Bd5 17.Ne5 Nxe5 18.Bxe5 Bxe5 19.Bxh7+ Kxh7 20.Qh5+ Kg7 21.Qg5+ Kh7
22.Qh5+  1/2-1/2

[Event "Lyon m"]
[Site "Lyon"]
[Date "1988.??.??"]
[Round "3"]
[White "Bernard, Christophe"]
[Black "Andruet, Gilles"]
[Result "1-0"]
[WhiteElo "2350"]
[BlackElo "2430"]

1.Nf3 d5 2.c4 c6 3.d4 Nf6 4.Nc3 e6 5.e3 Nbd7 6.Bd3 Bd6 7.O-O O-O 8.e4 dxe4
9.Nxe4 Nxe4 10.Bxe4 Qc7 11.Re1 c5 12.dxc5 Bxc5 13.a3 Nf6 14.b4 Be7 15.Bb2 Qxc4
16.Ne5 Qb5 17.Bd3 Qe8 18.Qf3 Nd5 19.Rad1 f6 20.Qh3 g6 21.Nxg6 hxg6 22.Re4 Kg7
23.Rg4 Nf4 24.Rxf4 e5 25.Rg4 Bxg4 26.Qxg4 Rd8 27.h4 Rh8 28.g3 Rh6 29.Qf3 Qc6
30.Qe2 Qe6 31.Rc1 Rd7 32.Bb5 Rd6 33.Rc7 Rb6 34.Bc1 Rh8 35.Be3 Rd6 36.Bc4 Qd7
37.Rxd7 Rxd7 38.Qf3 f5 39.Bg5 e4 40.Qc3+ Kh7 41.Bxe7 Rxe7 42.Qf6 Rg7 43.h5 Rc8
44.Bf7  1-0

[Event "Madrid rapid"]
[Site "Madrid"]
[Date "1988.??.??"]
[Round "6"]
[White "Nogueiras, Jesus"]
[Black "Chernin, Alexander"]
[Result "0-1"]
[WhiteElo "2560"]
[BlackElo "2560"]

1.d4 d5 2.c4 c6 3.Nc3 Nf6 4.e3 e6 5.Nf3 Nbd7 6.Bd3 dxc4 7.Bxc4 b5 8.Bd3 Bb7
9.a3 b4 10.axb4 Bxb4 11.O-O c5 12.Na2 a5 13.Nxb4 axb4 14.Rxa8 Qxa8 15.dxc5 O-O
16.Be2 Bd5 17.Qd4 Rb8 18.Bd2 e5 19.Nxe5 Nxe5 20.Qxe5 Re8 21.Qf4 Bxg2 22.Rc1 Bc6
23.f3 h6 24.Kf2 Nd5 25.Qd4 Qb8 26.Rg1 g6 27.Bc4 Qxh2+ 28.Rg2 Qh5 29.e4 Qh4+
30.Kg1 Ra8 31.Qf2 Ra1+ 32.Bf1 Qe7 33.exd5 Bb5 34.d6 Qe6 35.Rg4 Rxf1+ 36.Qxf1 Bxf1
37.Kxf1 Qd5 38.Ke2 Qxc5 39.Bxb4 Qe5+ 40.Kd3 f5 41.Rd4 Qb5+ 42.Kc3 Qc6+ 43.Rc4 Qxf3+
44.Kc2 Qe2+ 45.Kb3 Qd3+ 46.Rc3 Qd5+ 47.Ka3 f4 48.Rc7 f3 49.d7 f2 50.Rc8+ Kg7
51.d8=Q Qxd8 52.Bc3+ Kf7 53.Rxd8 f1=Q 54.Rd7+ Ke8 55.Rg7 Qa6+ 56.Kb4 h5 57.Kc5 h4
58.b4 Qc8+ 59.Kd4 Qg4+ 60.Kd3 Qf5+ 61.Kd2 h3 62.Rh7 g5 63.b5 Qxh7 64.b6 h2  0-1

[Event "Mazatlan rapid"]
[Site "Mazatlan"]
[Date "1988.??.??"]
[Round "?"]
[White "Gavrikov, Viktor"]
[Black "Kallai, Gabor"]
[Result "1/2-1/2"]
[WhiteElo "2545"]
[BlackElo "2450"]

1.c4 c6 2.Nf3 d5 3.d4 Nf6 4.Nc3 e6 5.e3 a6 6.c5 b6 7.cxb6 c5 8.Bd3 Qxb6 9.O-O Nbd7
10.Bc2 Bd6 11.e4 dxe4 12.Nxe4 Nxe4 13.Bxe4 Bb7 14.Bxb7 Qxb7 15.dxc5 Bxc5
16.b3 O-O 17.Bb2 Be7 18.Rc1 Bf6 19.Qe2 Bxb2 20.Qxb2 Nf6 21.h4 a5 22.Rc4 a4
23.b4 a3 24.Qb3 h6 25.Rfc1 Nd5 26.Ne5 Qb5 27.Nc6 Rfe8 28.Rc5 Qe2 29.b5 Qg4
30.R1c4 Qe2 31.Qc2 Qe1+ 32.Kh2 Nb6 33.Rg4 Qa1 34.Qd2 Kh7 35.Ne5 f5 36.Rd4 Nd5
37.Nc6 Qb2 38.Rc2 Qxb5 39.g3  1/2-1/2

[Event "Mendrisio op"]
[Site "Mendrisio"]
[Date "1988.??.??"]
[Round "6"]
[White "Ekstroem, Roland"]
[Black "Markotic, Gordan"]
[Result "1/2-1/2"]
[WhiteElo "2440"]
[BlackElo "2345"]

1.c4 c6 2.d4 d5 3.Nf3 Nf6 4.Nc3 e6 5.e3 Nbd7 6.a3 Be7 7.Bd3 O-O 8.O-O dxc4
9.Bxc4 c5 10.dxc5 Nxc5 11.b4 Qxd1 12.Rxd1 Nce4 13.Nxe4 Nxe4 14.Bb2 a5 15.Bd3 Nf6
16.b5 Nd7 17.Bc2 a4 18.Ne5 Nc5 19.Nc4 Bd7 20.Nb6 Bxb5 21.Nxa8 Rxa8 22.Bc3 Nb3
23.Bxb3 axb3 24.Bb2 Bf6 25.Bxf6 gxf6 26.f3 Rc8 27.Rd2 Rc3 28.a4 Bd3 29.Rb2 Bc2
30.Kf2 Rc6 31.Ra3 Ra6 32.Raxb3 Bxb3 33.Rxb3 Rxa4  1/2-1/2

[Event "Mendrisio op"]
[Site "Mendrisio"]
[Date "1988.??.??"]
[Round "9"]
[White "Cvitan, Ognjen"]
[Black "Mantovani, Renzo"]
[Result "1-0"]
[WhiteElo "2500"]
[BlackElo "2385"]

1.Nf3 d5 2.c4 c6 3.e3 Nf6 4.Nc3 e6 5.d4 Nbd7 6.Bd3 b6 7.O-O Bb7 8.b3 Be7
9.Bb2 O-O 10.Qe2 c5 11.Rfd1 Qb8 12.cxd5 cxd4 13.Nxd4 Nxd5 14.Nxd5 Bxd5 15.Bb5 Nf6
16.Rac1 Rc8 17.Nc6 Qc7 18.Nb4 Qd6 19.Nxd5 exd5 20.h3 h6 21.Qf3 Qe6 22.Ba6 Rxc1
23.Rxc1 Rd8 24.Rc7 Rd7 25.Rc8+ Rd8 26.Rc7 Rd7 27.Qg3 Rxc7 28.Qxc7 Qd7 29.Be5 Qxc7
30.Bxc7 Bc5 31.Bb8 d4 32.exd4 Bxd4 33.Bxa7 Ne4 34.Kf1 Nxf2 35.Ke2 f5 36.a4 g5
37.a5 Ne4 38.Bxb6 Bxb6 39.axb6 Nc5 40.Bc8 f4 41.b4  1-0

[Event "URS-ch55"]
[Site "Moscow"]
[Date "1988.??.??"]
[Round "?"]
[White "Kharitonov, Andrei Y"]
[Black "Ivanchuk, Vassily"]
[Result "0-1"]
[WhiteElo "2550"]
[BlackElo "2625"]

1.d4 d5 2.Nf3 Nf6 3.c4 e6 4.Nc3 c6 5.e3 Nbd7 6.Bd3 dxc4 7.Bxc4 b5 8.Bd3 a6
9.e4 c5 10.d5 c4 11.Bc2 Qc7 12.O-O Bc5 13.Qe2 e5 14.Nh4 O-O 15.Kh1 Bd4 16.Nf5 Nc5
17.Qf3 Bxf5 18.Qxf5 Qc8 19.Qf3 Qg4 20.Qxg4 Nxg4 21.Nd1 f5 22.exf5 Nf6 23.Ne3 Rad8
24.a4 Nxd5 25.axb5 axb5 26.Ra5 Nc7 27.Bd2 Ra8 28.g4 e4 29.Kg2 Nd3 30.Rb1 Bxe3
31.fxe3 Rxa5 32.Bxa5 Nd5 33.Bd2 Ra8 34.Kg3 b4 35.Bxd3 cxd3 36.Rc1 Ra2 37.Rc5 Rxb2
38.Rxd5 Rxd2 39.Kf4 Rc2 40.Ke5 b3 41.Rd8+ Kf7 42.Rd7+ Kf8  0-1

[Event "Moscow-B"]
[Site "Moscow"]
[Date "1988.??.??"]
[Round "?"]
[White "Chekhov, Valery A"]
[Black "Matlak, Marek"]
[Result "1-0"]
[WhiteElo "2480"]
[BlackElo "2420"]

1.d4 d5 2.c4 e6 3.Nc3 c6 4.e3 Nf6 5.Nf3 Nbd7 6.Bd3 dxc4 7.Bxc4 b5 8.Bd3 Bb7
9.O-O a6 10.e4 c5 11.d5 c4 12.Bc2 e5 13.Ne2 Bd6 14.b3 cxb3 15.axb3 O-O 16.Ng3 g6
17.Bg5 Qb6 18.Qd2 Rfc8 19.Bd3 Ne8 20.b4 f6 21.Be3 Qd8 22.Rac1 Rxc1 23.Rxc1 Qe7
24.Rb1 Rc8 25.Ne1 Nc7 26.Be2 Na8 27.Bg4 Rc7 28.Be6+ Kh8 29.Bxd7 Qxd7 30.Nd3 Rc8
31.f4 exf4 32.Bxf4 Qe7 33.Bxd6 Qxd6 34.Nc5 Rc7 35.Rf1 Bc8 36.e5 fxe5 37.Nge4 Qd8
38.d6 Rg7 39.d7 Bxd7 40.Qd6 Re7 41.Nxd7 Qxd7 42.Qb8+  1-0